Život medzi paragrafmi

Podrobná bibliografia
Hlavný autor: Repková, Kvetoslava, 1959- (Autor)
Médium: Článok
Jazyk:slovenčina
ISSN:1336-0426
Predmet:

MARC

LEADER 00000nab a2200000 a 4500
001 vtls000888558
003 SK-MaSNL
005 20260304132531.0
008 250429c2004 xo 0 slo
015 |a SNBRB2004/10-ccccc 
035 |a CLN000239993 
035 |a urn:nbn:sk:snk-ab6wxg 
035 |a (uuid)b34f98c1-fcac-439d-88da-382cc8223a83 
035 |a (urnnbn)urn:nbn:sk:snk:ar-a063i1 
035 |a (sysno)vtls000888558 
040 |a SNKBUCL  |b slo  |c SNKBUCL  |e AACR2 
041 0 |a slo 
044 |a xo  |c SK 
080 |a 331.114:616.379-008.64  |2 1997 
100 1 |a Repková, Kvetoslava,  |d 1959-  |4 aut  |9 209625 
245 1 0 |a Život medzi paragrafmi  |c Kvetoslava Repková 
504 |a Res. slov. 
650 0 7 |a dietoterapia  |2 MESH  |a Diabetes mellitus  |9 844265 
650 0 7 |a zamestnanie  |x ekonomika  |x zákonodarstvo a právna veda  |x normy a štandardy  |2 MESH  |9 1447895 
650 0 7 |a posúdenie pracovnej schopnosti  |2 MESH  |9 907598 
650 0 7 |a stav zdravotný  |2 MESH  |9 394390 
655 7 |a články z novín a časopisov  |2 snkbucl  |9 267496 
773 0 |t Diabetik  |g Roč. 3, č. 4 (2004), s. 58-59  |x 1336-0426 
850 |a Slovenská národná knižnica 
852 |a Slovenská národná knižnica 
954 |a odborná, vedecká literatúra pôvodná (slovenská)  |2 lita 
958 |a article27 
958 |a MI 
958 |a OND 
958 |a EUIPO 
992 |a RBX 
999 |c 2899105  |d 2901035